Biochemical Engineering Fundamentals 2nd edition / (Record no. 565724)
[ view plain ]
| 000 -LEADER | |
|---|---|
| fixed length control field | 00428nam a2200145Ia 4500 |
| 008 - FIXED-LENGTH DATA ELEMENTS--GENERAL INFORMATION | |
| fixed length control field | 210430s9999 xx 000 0 und d |
| 020 ## - INTERNATIONAL STANDARD BOOK NUMBER | |
| International Standard Book Number | 9780070701236 |
| 082 ## - DEWEY DECIMAL CLASSIFICATION NUMBER | |
| Classification number | 660.63 B152 B |
| 100 ## - MAIN ENTRY--PERSONAL NAME | |
| Personal name | James E. Bailey, David F. Ollis |
| 9 (RLIN) | 127009 |
| 245 ## - TITLE STATEMENT | |
| Title | Biochemical Engineering Fundamentals 2nd edition / |
| Statement of responsibility, etc. | James E. Bailey |
| 250 ## - EDITION STATEMENT | |
| Edition statement | 2nd edition |
| 260 ## - PUBLICATION, DISTRIBUTION, ETC. | |
| Place of publication, distribution, etc. | New york |
| Name of publisher, distributor, etc. | McGraw hill |
| Date of publication, distribution, etc. | 2010 |
| 300 ## - PHYSICAL DESCRIPTION | |
| Extent | 984 p |
| 942 ## - ADDED ENTRY ELEMENTS (KOHA) | |
| Koha item type | Book |
| Source of classification or shelving scheme | |
| Withdrawn status | Lost status | Damaged status | Not for loan | Collection code | Permanent Location | Current Location | Shelving location | Date acquired | Total Checkouts | Full call number | Barcode | Date last seen | Price effective from | Koha item type |
|---|---|---|---|---|---|---|---|---|---|---|---|---|---|---|
| School of Chemical & Materials Engineering (SCME) | School of Chemical & Materials Engineering (SCME) | Reference | 660.63 B152 B | SCME-4204 | 04/30/2021 | 04/30/2021 | Reference |
